| 000 | 00674cam a2200181 a 4500 | ||
|---|---|---|---|
| 020 | _a0898868238 (pbk.) | ||
| 082 | 0 | 0 |
_a796.510284 _bLET _cN-01,P-89 |
| 100 | 1 |
_aLetham, Lawrence. _944538 |
|
| 245 | 1 | 0 |
_aGPS made easy : _busing Global Positioning Systems in the outdoors / _cLawrence Letham. |
| 250 | _a4th ed., WAAS rev. | ||
| 260 |
_aSeattle, WA : _bMountaineers Books, _c2003. |
||
| 300 |
_a208 p. : _bill., maps ; _c22 cm. |
||
| 526 |
_a0 _b0 _c0 _d796_510284000000000_LET |
||
| 650 | 0 |
_aGlobal Positioning System. _bNUST _944539 |
|
| 650 | 0 |
_aOrienteering _xEquipment and supplies. _944540 |
|
| 650 | 0 |
_aOutdoor recreation _xEquipment and supplies. _944541 |
|
| 942 |
_2ddc _cBK |
||
| 999 |
_c548312 _d548312 |
||